|
|
|
|
| LEADER |
00000nab#a22000007a#4500 |
| 001 |
arbauad029884 |
| 003 |
AR-BaUAD |
| 005 |
20250711112419.0 |
| 008 |
980209|||||||||###||||||b###|0###a|spa|| |
| 040 |
|
|
|a AR-BaUAD
|c AR-BaUAD
|b spa
|
| 100 |
|
|
|a Soberanis, Pat
|
| 245 |
|
|
|a A change in the Wind for Print Ads /
|c Pat Soberanis;
|
| 500 |
|
|
|a Comentario sobre los nuevos cambios en los sistemas de impresion.
|
| 653 |
|
|
|a DISEÑO GRAFICO
|
| 653 |
|
|
|a TECNOLOGIA
|
| 653 |
|
|
|a SISTEMAS
|
| 653 |
|
|
|a IMPRESION
|
| 773 |
0 |
|
|t COMMUNICATION ARTS
|g no. 277 [dic. 1997], p. 242-244
|
| 942 |
|
|
|c ARTI
|
| 952 |
|
|
|0 0
|1 0
|4 0
|7 0
|9 74803
|a AR-BAuAD
|b AR-BAuAD
|d 2025-07-11
|l 0
|p AAQA029884
|r 2025-07-11 11:24:19
|w 2025-07-11
|y ARTI
|
| 990 |
|
|
|a DG199
|b TD
|
| 998 |
|
|
|a AAQ
|b BIBUN76
|
| 999 |
|
|
|c 54476
|d 54476
|